National identity and the varieties of capitalism the Danish experience /

Bibliographic Details
Corporate Author: ProQuest (Firm)
Other Authors: Campbell, John L., 1952-, Hall, John A., 1949-, Pedersen, Ove Kaj, 1948-
Format: Electronic eBook
Language:English
Published: Montreal : McGill-Queen's University Press, c2006.
Series:Studies in nationalism and ethnic conflict ; 4.
Subjects:
Online Access:Click to View
LEADER 01658nam a2200421Ia 4500
001 EBC3331599
003 MiAaPQ
005 20200520144314.0
006 m o d |
007 cr cn|||||||||
008 050831s2006 qucad sb 001 e eng d
020 |z 9780773529960 
020 |z 0773529969 
020 |z 0773529977 (pbk.) 
035 |a (MiAaPQ)EBC3331599 
035 |a (Au-PeEL)EBL3331599 
035 |a (CaPaEBR)ebr10178248 
035 |a (CaONFJC)MIL286386 
035 |a (OCoLC)923231008 
040 |a MiAaPQ  |c MiAaPQ  |d MiAaPQ 
050 4 |a HC355  |b .N38 2006 
082 0 4 |a 330.9489  |2 22 
245 0 0 |a National identity and the varieties of capitalism  |h [electronic resource] :  |b the Danish experience /  |c edited by John L. Campbell, John A. Hall, and Ove K. Pedersen. 
260 |a Montreal :  |b McGill-Queen's University Press,  |c c2006. 
300 |a xiv, 525 p. :  |b ill., charts. 
490 1 |a Studies in nationalism and ethnic conflict ;  |v 4 
504 |a Includes bibliographical references (p. [471]-515) and index. 
533 |a Electronic reproduction. Ann Arbor, MI : ProQuest, 2015. Available via World Wide Web. Access may be limited to ProQuest affiliated libraries. 
650 0 |a States, Small. 
651 0 |a Denmark  |x Economic conditions. 
651 0 |a Denmark  |x Politics and government. 
655 4 |a Electronic books. 
700 1 |a Campbell, John L.,  |d 1952- 
700 1 |a Hall, John A.,  |d 1949- 
700 1 |a Pedersen, Ove Kaj,  |d 1948- 
710 2 |a ProQuest (Firm) 
830 0 |a Studies in nationalism and ethnic conflict ;  |v 4. 
856 4 0 |u https://ebookcentral.proquest.com/lib/matrademy/detail.action?docID=3331599  |z Click to View